000 00266nam a22001217a 4500
999 _c161775
_d161775
082 _a
_b
100 _aAnil Sexena
245 _aLater sultanate period/
_cby Anil Sexena.
260 _aNew Delhi:
_bAnmol,
_c2007.
300 _a325p.
650 _a
942 _cBK